00469 a2200169 450000100060000002000150000604000240002110000290004524000290007424500240010330000070012736200090013465000310014394200070017495201010018199900170028270089 a8534505152 cAnchieta - Itaigara aOliveira, Sueli Ferreira10aO tesouro escondidolpor10aO tesouro escondido a150 a1998 4aLiteratura infanto-juvenil cBK 00104070a88.1b88.1d2023-11-21l0o028.5 TESp3149/ITAr2023-11-21 20:04:57w2023-11-21yBK c70089d70089